000 00208 a2200097 4500
001 18875
100 _aNarayan S
245 _aTest-book of matrices
260 _a
_bS chand & CO
_c1953
090 _c13964
_d13964
942 _aNUST-CAE
_cM
_c4407
999 _c253948
_d253948